000
00257nam a2200097Ia 4500
008
240331s9999 xx 000 0 und d
082
_b
AFT
100
_a
De Mel, N. ed
245
0
_a
After the waves :
_b
the impact of the Tsunami on women in Sri Lanka
942
_c
L
999
_c
1319
_d
1319